000
00291nam a22001337a 4500
008
181009b xxu||||| |||| 00| 0 eng d
020
_a
9781464101564
041
_a
eng
080
_a
510
100
_a
36
101
_a
MAT
245
_a
For All Practical Purposes
_c
Comad
942
_2
udc
_c
BK
999
_c
49193
_d
49193